[Event "XXXV Festival Conca della Presolana A"]
[Site "Castione della Presolana ITA"]
[Date "2015.08.29"]
[Round "7"]
[White "De Maria, Isaia"]
[Black "Gardi, Giuseppe"]
[WhiteElo "1794"]
[BlackElo "1925"]
[Result "0-1"]
[PlyCount "102"]
[EventDate "2015.08.23"]

1. e4 g6 2. d4 Bg7 3. Nc3 c6 4. Nf3 d6 5. g3 Nf6 6. Bg2 O-O 7. O-O Nbd7 8. a4
e5 9. dxe5 dxe5 10. Qe2 Re8 11. h3 Qc7 12. Be3 Bf8 13. Rfd1 Nc5 14. Bg5 Nh5 15.
Qe3 Ne6 16. Qe2 Nxg5 17. Nxg5 Qb6 18. Qc4 Be6 19. Nxe6 Rxe6 20. a5 Qc5 21. Qxc5
Bxc5 22. Kf1 Rf6 23. Rd2 Nxg3+ 24. Ke1 Nh5 25. Na4 Bf8 26. Rad1 Bb4 27. c3 Bxa5
28. b4 Bb6 29. Nxb6 axb6 30. Rd8+ Rxd8 31. Rxd8+ Kg7 32. Rd7 c5 33. bxc5 Rc6
34. cxb6 Rxb6 35. Kd2 Rb2+ 36. Ke3 Rb1 37. Bf3 Nf4 38. h4 h5 39. Rd6 Re1+ 40.
Kd2 Rf1 41. Ke3 Rb1 42. Rd7 Kf6 43. Bd1 Ng2+ 44. Ke2 Nxh4 45. Ba4 Ng2 46. c4
Nf4+ 47. Kf3 Ne6 48. Bb5 Nd4+ 49. Kg3 Rb3+ 50. Kg2 Nxb5 51. Rxb7 Nd4 0-1

[Event "XXXV Festival Conca della Presolana A"]
[Site "Castione della Presolana ITA"]
[Date "2015.08.29"]
[Round "7"]
[White "Di Paolo, Marco"]
[Black "Rossini, Fulvio"]
[WhiteElo "1908"]
[BlackElo "1964"]
[Result "1/2-1/2"]
[PlyCount "80"]
[EventDate "2015.08.23"]

1. e4 e6 2. Nc3 d5 3. d4 Bb4 4. e5 c5 5. Bd2 Bxc3 6. Bxc3 cxd4 7. Bxd4 Nc6 8.
f4 Nge7 9. Nf3 Bd7 10. c3 Nxd4 11. Nxd4 Qb6 12. Qb3 Qxb3 13. axb3 a6 14. Bd3
O-O 15. b4 Nc6 16. Nb3 Rad8 17. Na5 Nxa5 18. Rxa5 f6 19. Rf1 fxe5 20. fxe5
Rxf1+ 21. Kxf1 Kf7 22. Ke2 Bc6 23. g3 Ke7 24. Ra1 g6 25. Ke3 Rc8 26. h4 Be8 27.
Ra5 Rc7 28. Rc5 Bc6 29. Ra5 Be8 30. Kd4 Kd8 31. Ra1 Ke7 32. b3 Bc6 33. Ra2 Rc8
34. Rf2 Be8 35. Rf6 Bf7 36. Rf2 Be8 37. Rh2 Bf7 38. Ra2 Be8 39. Rh2 Bf7 40. Rf2
Be8 1/2-1/2

[Event "XXXV Festival Conca della Presolana A"]
[Site "Castione della Presolana ITA"]
[Date "2015.08.29"]
[Round "7"]
[White "Dormio, Luca"]
[Black "Pirrello, Christian"]
[WhiteElo "1770"]
[BlackElo "1917"]
[Result "0-1"]
[PlyCount "84"]
[EventDate "2015.08.23"]

1. b3 d5 2. Bb2 c5 3. e3 Nc6 4. Nf3 Nf6 5. c4 d4 6. exd4 cxd4 7. d3 e5 8. a3
Bd6 9. g3 a5 10. Bg2 O-O 11. O-O h6 12. Nbd2 Bf5 13. Qc2 Nd7 14. Rab1 Nc5 15.
Ne1 Bh7 16. Bc1 Qb6 17. Ne4 Nxe4 18. Bxe4 f5 19. Bd5+ Kh8 20. b4 axb4 21. axb4
Qd8 22. Bd2 Qd7 23. b5 Ne7 24. Bg2 Bc5 25. Bb4 Rfc8 26. Qe2 Ra4 27. Bxc5 Rxc5
28. Qd1 Ra3 29. Nc2 Rc3 30. Re1 e4 31. dxe4 R5xc4 32. Ne3 Rc5 33. Nxf5 Nxf5 34.
exf5 Bxf5 35. Ra1 Rxb5 36. Be4 Bxe4 37. Rxe4 d3 38. Qe1 d2 39. Re8+ Kh7 40.
Qe4+ Qf5 41. Qxf5+ Rxf5 42. Rf1 Rd5 0-1

[Event "XXXV Festival Conca della Presolana A"]
[Site "Castione della Presolana ITA"]
[Date "2015.08.29"]
[Round "7"]
[White "Dubois, Martine"]
[Black "Lavorgna, Filippo"]
[WhiteElo "1982"]
[BlackElo "1840"]
[Result "1-0"]
[PlyCount "43"]
[EventDate "2015.08.23"]

1. e4 c6 2. c4 d5 3. cxd5 cxd5 4. exd5 Nf6 5. Nc3 Nxd5 6. Nf3 Nc6 7. d4 e6 8.
Bb5 a6 9. Bxc6+ bxc6 10. O-O Bd6 11. Ne5 Bxe5 12. dxe5 Nxc3 13. Qxd8+ Kxd8 14.
bxc3 Bb7 15. Rb1 Kc8 16. Rd1 a5 17. Be3 Ra6 18. Rb2 Kc7 19. Bc5 a4 20. Bd6+ Kc8
21. Rdb1 Ra7 22. Bc5 1-0

[Event "XXXV Festival Conca della Presolana A"]
[Site "Castione della Presolana ITA"]
[Date "2015.08.29"]
[Round "7"]
[White "Foglieni, Matteo"]
[Black "Bracci, Andrea"]
[WhiteElo "1969"]
[BlackElo "1878"]
[Result "1-0"]
[PlyCount "71"]
[EventDate "2015.08.23"]

1. c4 c6 2. Nf3 d5 3. g3 Bg4 4. Bg2 e6 5. O-O Nd7 6. b3 Ngf6 7. Bb2 Bd6 8. d4
O-O 9. Nbd2 a5 10. Re1 Re8 11. Ne5 Bh5 12. Qc2 Bb4 13. Bc3 Nxe5 14. dxe5 Bg6
15. Qb2 Nd7 16. a3 Bxc3 17. Qxc3 Qb8 18. f4 Qa7+ 19. e3 Qb6 20. b4 Rec8 21. c5
Qc7 22. e4 b6 23. f5 axb4 24. axb4 Rxa1 25. Qxa1 exf5 26. exd5 cxd5 27. Bxd5
bxc5 28. b5 Nf8 29. Nc4 Qd7 30. Nb6 Qxb5 31. Nxc8 h5 32. Ne7+ Kh7 33. Nxg6 Kxg6
34. Qc3 Ne6 35. Bxe6 fxe6 36. Rc1 1-0

[Event "XXXV Festival Conca della Presolana A"]
[Site "Castione della Presolana ITA"]
[Date "2015.08.29"]
[Round "7"]
[White "Izzo, Riccardo"]
[Black "Cerutti, Fabio Maria"]
[WhiteElo "1732"]
[BlackElo "1805"]
[Result "1-0"]
[PlyCount "103"]
[EventDate "2015.08.23"]

1. d4 c5 2. dxc5 e6 3. Bf4 Qa5+ 4. Nc3 Qxc5 5. e3 a6 6. Nf3 Nf6 7. Be2 d5 8.
O-O Nc6 9. Na4 Qa5 10. b3 b5 11. Nb2 Bd7 12. Ne5 Rc8 13. c4 bxc4 14. bxc4 Ba3
15. Nxd7 Nxd7 16. Rb1 Nb6 17. Qb3 Be7 18. Rfc1 O-O 19. Bf3 Rfd8 20. cxd5 Nxd5
21. Nc4 Qb5 22. Qxb5 axb5 23. Bxd5 bxc4 24. Bxc4 Na5 25. Ba6 Rxc1+ 26. Rxc1 h6
27. Rc8 Rxc8 28. Bxc8 Nc4 29. Ba6 Na3 30. Bd3 Kf8 31. Kf1 Ke8 32. Ke2 Kd7 33.
Kd2 Kc6 34. Kc3 Nb5+ 35. Kb3 Nc7 36. a4 f6 37. e4 Bc5 38. f3 Kb6 39. Bd2 Bg1
40. h3 Bc5 41. a5+ Kb7 42. Kc4 Ba7 43. Bb4 g6 44. Bf8 h5 45. Be7 f5 46. g4 hxg4
47. hxg4 fxg4 48. fxg4 e5 49. Bd6 Bd4 50. Bc5 Bxc5 51. Kxc5 Ne8 52. g5 1-0

[Event "XXXV Festival Conca della Presolana A"]
[Site "Castione della Presolana ITA"]
[Date "2015.08.29"]
[Round "7"]
[White "Mascheroni, Maurizio"]
[Black "Annicchiarico, Luigi"]
[WhiteElo "1945"]
[BlackElo "1725"]
[Result "1/2-1/2"]
[PlyCount "23"]
[EventDate "2015.08.23"]

1. e4 e6 2. d4 d5 3. Nd2 dxe4 4. Nxe4 Nd7 5. Nf3 Ngf6 6. Bg5 Be7 7. Nxf6+ Bxf6
8. Bxf6 Nxf6 9. Bd3 O-O 10. O-O b6 11. c3 Bb7 12. Re1 1/2-1/2

[Event "XXXV Festival Conca della Presolana A"]
[Site "Castione della Presolana ITA"]
[Date "2015.08.29"]
[Round "7"]
[White "Papa, Angelo"]
[Black "Raselli, Claudio"]
[WhiteElo "1744"]
[BlackElo "1810"]
[Result "0-1"]
[PlyCount "84"]
[EventDate "2015.08.23"]

1. d4 d5 2. c4 e6 3. cxd5 exd5 4. Nf3 c5 5. Nc3 Nc6 6. dxc5 d4 7. Ne4 Bf5 8.
Nd6+ Bxd6 9. cxd6 Qxd6 10. Bd2 Nf6 11. g3 O-O 12. Bg2 Rfe8 13. O-O Rac8 14. Rc1
Be4 15. e3 Qd5 16. b3 Ne5 17. Nh4 Bxg2 18. Nxg2 Nf3+ 19. Kh1 Qh5 20. Nh4 Nxd2
21. Rxc8 Qd5+ 22. Ng2 Rxc8 23. Qxd2 dxe3 24. Qxd5 Nxd5 25. fxe3 Kf8 26. e4 Nf6
27. e5 Nd5 28. Rd1 Rc2 29. a3 Ke7 30. Ne1 Ne3 31. Nxc2 Nxd1 32. Nb4 Ke6 33. Nd3
b6 34. Kg2 Nc3 35. Kf3 Nb5 36. Ke4 Nxa3 37. Nf4+ Ke7 38. Nd5+ Kd7 39. Nc3 Kc6
40. Nd5 Nb5 41. b4 a5 42. bxa5 bxa5 0-1

[Event "XXXV Festival Conca della Presolana A"]
[Site "Castione della Presolana ITA"]
[Date "2015.08.29"]
[Round "7"]
[White "Prete, Alessandro"]
[Black "Asperti, Giovanni"]
[WhiteElo "1963"]
[BlackElo "1759"]
[Result "1-0"]
[PlyCount "71"]
[EventDate "2015.08.23"]

1. d4 Nf6 2. Nf3 g6 3. Nc3 d5 4. Bf4 Bg7 5. e3 O-O 6. Be2 Bf5 7. Ne5 c5 8. g4
cxd4 9. exd4 Be6 10. Qd2 Nc6 11. f3 Nd7 12. Nxc6 bxc6 13. Bh6 f6 14. Bxg7 Kxg7
15. h4 Bf7 16. f4 e5 17. dxe5 fxe5 18. fxe5 Qe7 19. O-O-O Rab8 20. h5 Qb4 21.
b3 Nxe5 22. Qd4 Qxd4 23. Rxd4 c5 24. Ra4 d4 25. Ne4 Bd5 26. Rxa7+ Rb7 27. Rxb7+
Bxb7 28. h6+ Kg8 29. Bd3 Nxg4 30. Rh4 Bxe4 31. Bxe4 Ne3 32. a4 Rf7 33. Rh3 Kf8
34. Rf3 Rxf3 35. Bxf3 Ke7 36. a5 1-0

[Event "XXXV Festival Conca della Presolana A"]
[Site "Castione della Presolana ITA"]
[Date "2015.08.29"]
[Round "7"]
[White "Rorato, Renzo"]
[Black "Bosio, Devis"]
[WhiteElo "1963"]
[BlackElo "1971"]
[Result "1/2-1/2"]
[PlyCount "51"]
[EventDate "2015.08.23"]

1. Nf3 f5 2. e4 fxe4 3. Ng5 Nc6 4. d3 e3 5. Bxe3 e5 6. c4 Nf6 7. Nc3 Be7 8. Be2
O-O 9. c5 Kh8 10. O-O d5 11. cxd6 cxd6 12. d4 Ng4 13. Bxg4 Bxg5 14. Bxc8 Rxc8
15. d5 Bxe3 16. fxe3 Rxf1+ 17. Qxf1 Nb4 18. Qe2 Qa5 19. Qd2 Qb6 20. a3 Na6 21.
b4 Rf8 22. Rc1 Nc7 23. Qd3 a6 24. Rf1 Rxf1+ 25. Kxf1 a5 26. Qf5 1/2-1/2

[Event "XXXV Festival Conca della Presolana A"]
[Site "Castione della Presolana ITA"]
[Date "2015.08.29"]
[Round "7"]
[White "Saracco, Marco"]
[Black "Marchini, Daniele"]
[WhiteElo "1810"]
[BlackElo "1885"]
[Result "1/2-1/2"]
[PlyCount "30"]
[EventDate "2015.08.23"]

1. d4 Nf6 2. Nf3 g6 3. b3 Bg7 4. Bb2 d5 5. e3 Bf5 6. Bd3 Bxd3 7. Qxd3 c6 8.
Nbd2 Nbd7 9. O-O O-O 10. c4 e6 11. a3 a6 12. b4 b5 13. c5 a5 14. Qc2 a4 15.
Rad1 Rc8 1/2-1/2

[Event "XXXV Festival Conca della Presolana A"]
[Site "Castione della Presolana ITA"]
[Date "2015.08.29"]
[Round "7"]
[White "Virzi, Ettore"]
[Black "Lazzarini, Sabrina"]
[WhiteElo "1965"]
[BlackElo "1786"]
[Result "0-1"]
[PlyCount "59"]
[EventDate "2015.08.23"]

1. e4 e5 2. Nf3 Nf6 3. Nxe5 d6 4. Nf3 Nxe4 5. Nc3 Nxc3 6. dxc3 Be7 7. Be3 Nc6
8. Qd2 O-O 9. O-O-O Ne5 10. h3 c6 11. Kb1 Qa5 12. Be2 Be6 13. b3 b5 14. Nd4 Bd7
15. f4 Ng6 16. Bf3 Rac8 17. g4 c5 18. Ne2 Bc6 19. Bd5 Bf6 20. g5 Bxd5 21. Qxd5
Be7 22. h4 Rfe8 23. h5 Nf8 24. Rh3 Qc7 25. g6 hxg6 26. hxg6 Nxg6 27. Qh5 Nh4
28. Bf2 g6 29. Qh6 Bf6 30. Bxh4 $138 0-1

[Event "XXXV Festival Conca della Presolana A"]
[Site "Castione della Presolana ITA"]
[Date "2015.08.30"]
[Round "8"]
[White "Annicchiarico, Luigi"]
[Black "Marchini, Daniele"]
[WhiteElo "1725"]
[BlackElo "1885"]
[Result "1/2-1/2"]
[PlyCount "126"]
[EventDate "2015.08.23"]

1. e4 c5 2. Nf3 d6 3. Bb5+ Nc6 4. d4 cxd4 5. Nxd4 Bd7 6. Bxc6 Bxc6 7. Nxc6 bxc6
8. c4 Nf6 9. Nc3 e5 10. O-O Be7 11. Bg5 O-O 12. Bxf6 Bxf6 13. Qe2 Qb6 14. b3
Be7 15. Kh1 f5 16. exf5 Rxf5 17. Rad1 Raf8 18. f3 R8f6 19. g3 Rh6 20. Kg2 Rg6
21. Ne4 Qa6 22. Rf2 Qc8 23. Rd2 Qe6 24. Qd1 h5 25. Kh1 h4 26. g4 Rf4 27. h3 Rf8
28. Rd3 Rd8 29. Rfd2 a5 30. a4 Rh6 31. Kg2 g5 32. Kh1 Qf7 33. Kg2 Qe6 34. Kh1
Rg6 35. Kg2 Kh8 36. Kh1 Qf7 37. Kg2 Qf4 38. Nxd6 Rgxd6 39. Rxd6 Rxd6 40. Rxd6
Bxd6 41. Qxd6 Qg3+ 42. Kf1 Qxf3+ 43. Ke1 Qe3+ 44. Kd1 Qxb3+ 45. Kd2 Qb2+ 46.
Ke3 Qc1+ 47. Kf2 Qf4+ 48. Ke2 Qe4+ 49. Kd2 Qg2+ 50. Kc1 Qf1+ 51. Kd2 Qf2+ 52.
Kd3 Qf3+ 53. Kd2 Qf4+ 54. Kc3 Qc1+ 55. Kb3 Qe3+ 56. Kc2 Qf2+ 57. Kd3 Qf3+ 58.
Kd2 Qg2+ 59. Kc1 Qg1+ 60. Kc2 Qf2+ 61. Kd3 Qf1+ 62. Kd2 Qf4+ 63. Kc3 Qe3+
1/2-1/2

[Event "XXXV Festival Conca della Presolana A"]
[Site "Castione della Presolana ITA"]
[Date "2015.08.30"]
[Round "8"]
[White "Asperti, Giovanni"]
[Black "Mascheroni, Maurizio"]
[WhiteElo "1759"]
[BlackElo "1945"]
[Result "1/2-1/2"]
[PlyCount "30"]
[EventDate "2015.08.23"]

1. e4 e5 2. Nf3 Nc6 3. Bb5 a6 4. Ba4 Nf6 5. O-O Be7 6. Re1 b5 7. Bb3 d6 8. c3
O-O 9. h3 Nb8 10. d4 Nbd7 11. Nbd2 c5 12. d5 Re8 13. Nf1 Bf8 14. Bc2 g6 15. Ne3
Bg7 1/2-1/2

[Event "XXXV Festival Conca della Presolana A"]
[Site "Castione della Presolana ITA"]
[Date "2015.08.30"]
[Round "8"]
[White "Boccalatte, Piero"]
[Black "Casartelli, Fabio"]
[WhiteElo "1913"]
[BlackElo "1816"]
[Result "0-1"]
[PlyCount "68"]
[EventDate "2015.08.23"]

1. d4 d5 2. c4 c6 3. e3 Nf6 4. Nc3 e6 5. Nf3 Nbd7 6. Bd3 Bb4 7. O-O O-O 8. a3
Be7 9. Re1 dxc4 10. Bxc4 c5 11. dxc5 Nxc5 12. Qc2 a6 13. b4 b5 14. Bxb5 axb5
15. bxc5 b4 16. Na4 bxa3 17. Nb6 Ra6 18. Rxa3 Rxa3 19. Bxa3 Bb7 20. Nd2 Qc7 21.
f3 Rd8 22. Nb3 Bd6 23. h3 Bh2+ 24. Kf1 Nh5 25. Rc1 Bxf3 26. gxf3 Ng3+ 27. Ke1
Nf5 28. f4 Bg3+ 29. Ke2 Qc6 30. Rg1 Bh2 31. Kf2 Bxg1+ 32. Kxg1 Qf3 33. Qg2
Qxe3+ 34. Kh2 Qxf4+ 0-1

[Event "XXXV Festival Conca della Presolana A"]
[Site "Castione della Presolana ITA"]
[Date "2015.08.30"]
[Round "8"]
[White "Bosio, Devis"]
[Black "Dubois, Martine"]
[WhiteElo "1971"]
[BlackElo "1982"]
[Result "1/2-1/2"]
[PlyCount "108"]
[EventDate "2015.08.23"]

1. e4 e5 2. Nf3 d5 3. exd5 e4 4. Qe2 Nf6 5. d3 Qxd5 6. Nbd2 Be7 7. dxe4 Qe6 8.
Qc4 O-O 9. Qxe6 Bxe6 10. Nd4 Bd7 11. Be2 Re8 12. O-O Bd6 13. f3 a6 14. c3 Nc6
15. Nxc6 Bxc6 16. Nb3 b5 17. Be3 Rab8 18. a3 Nd7 19. Nd4 Bb7 20. Nf5 Bf8 21.
Rad1 Bc8 22. Rfe1 Nb6 23. Bf2 Na4 24. Rd2 g6 25. Ng3 Bh6 26. Rc2 Be6 27. Bf1
Bb3 28. Rce2 Bc4 29. Rc2 Bb3 30. Rce2 Rbd8 31. Bd4 c5 32. Bf6 Rd1 33. e5 c4 34.
Rxd1 Bxd1 35. Re1 Nxb2 36. Ne4 Bb3 37. Kf2 Nd1+ 38. Ke2 Ne3 39. Nc5 Nd5 40. Ne4
Kf8 41. g3 Bc2 42. Kf2 Bxe4 43. Rxe4 Nxf6 44. exf6 Rxe4 45. fxe4 Bd2 46. Bh3
Bxc3 47. Bc8 Bb2 48. Ke2 Bxa3 49. Bxa6 c3 50. Kd3 b4 51. Kc2 Ke8 52. Bc4 Bb2
53. Bb3 g5 54. g4 Ba1 1/2-1/2

[Event "XXXV Festival Conca della Presolana A"]
[Site "Castione della Presolana ITA"]
[Date "2015.08.30"]
[Round "8"]
[White "Bracci, Andrea"]
[Black "Manoni, Emmanuel Denis"]
[WhiteElo "1878"]
[BlackElo "1892"]
[Result "0-1"]
[PlyCount "92"]
[EventDate "2015.08.23"]

1. e4 c5 2. Nf3 d6 3. d4 cxd4 4. Nxd4 Nf6 5. Nc3 a6 6. Be2 e5 7. Nb3 Be7 8. Be3
Be6 9. O-O O-O 10. Qd2 b5 11. a4 b4 12. Nd5 Bxd5 13. exd5 Nbd7 14. a5 Qc7 15.
f3 Rfc8 16. Rfc1 Qb7 17. Rd1 Ne8 18. Ra4 Rab8 19. Nc1 Nc5 20. Bxc5 Rxc5 21. b3
Rxa5 22. Kh1 Rxa4 23. bxa4 Qd7 24. a5 Nc7 25. Nb3 h6 26. Qe3 Nb5 27. Rf1 Bg5
28. Bxb5 Qxb5 29. Qe1 Qxd5 30. h4 Bd8 31. Qd1 Qxd1 32. Rxd1 Bxh4 33. Rxd6 Rd8
34. Rxd8+ Bxd8 35. Kg1 f5 36. Kf2 Kf7 37. Ke3 Ke6 38. Kd3 Kd5 39. c4+ bxc3 40.
Kxc3 h5 41. Kb4 g5 42. Nc1 g4 43. fxg4 hxg4 44. Ne2 f4 45. Nc3+ Kd4 46. Na4 f3
0-1

[Event "XXXV Festival Conca della Presolana A"]
[Site "Castione della Presolana ITA"]
[Date "2015.08.30"]
[Round "8"]
[White "Di Paolo, Marco"]
[Black "Caputi, Giuliano"]
[WhiteElo "1908"]
[BlackElo "1884"]
[Result "0-1"]
[PlyCount "40"]
[EventDate "2015.08.23"]

1. e4 e5 2. Nc3 Nf6 3. Bc4 Bc5 4. d3 Nc6 5. f4 d6 6. Nf3 Ng4 7. Qe2 Bf2+ 8. Kf1
Bb6 9. f5 h6 10. Nd5 Nf6 11. Nxb6 axb6 12. Qf2 Na5 13. Bb3 Nxb3 14. cxb3 d5 15.
Qg3 dxe4 16. Nxe5 Qe7 17. Bf4 Nh5 18. Qe3 Nxf4 19. Qxf4 Ra5 20. Re1 Rxe5 0-1

[Event "XXXV Festival Conca della Presolana A"]
[Site "Castione della Presolana ITA"]
[Date "2015.08.30"]
[Round "8"]
[White "Gardi, Giuseppe"]
[Black "Guerini, Silvia jr"]
[WhiteElo "1925"]
[BlackElo "1869"]
[Result "1/2-1/2"]
[PlyCount "31"]
[EventDate "2015.08.23"]

1. d4 Nf6 2. c4 g6 3. Nc3 Bg7 4. e4 d6 5. f3 O-O 6. Be3 e5 7. d5 c6 8. Qd2 cxd5
9. cxd5 a6 10. Bd3 Nbd7 11. Nge2 b5 12. a3 Nc5 13. Bc2 Bd7 14. b4 Na4 15. Nxa4
bxa4 16. Nc3 1/2-1/2

[Event "XXXV Festival Conca della Presolana A"]
[Site "Castione della Presolana ITA"]
[Date "2015.08.30"]
[Round "8"]
[White "Gennaro, Isabella"]
[Black "Lazzarini, Sabrina"]
[WhiteElo "1875"]
[BlackElo "1786"]
[Result "0-1"]
[PlyCount "98"]
[EventDate "2015.08.23"]

1. e4 e5 2. Bc4 Nf6 3. d3 Bc5 4. Nf3 Nc6 5. O-O O-O 6. Bg5 d6 7. c3 Bg4 8. Nbd2
h6 9. Be3 Bb6 10. h3 Bh5 11. Re1 Bxe3 12. Rxe3 d5 13. exd5 Nxd5 14. Bxd5 Qxd5
15. g4 Bg6 16. c4 Qd7 17. Nxe5 Nxe5 18. Rxe5 Qxd3 19. Rd5 Qxh3 20. f3 f5 21.
Qf1 Qg3+ 22. Qg2 Qxg2+ 23. Kxg2 fxg4 24. fxg4 Rad8 25. Rxd8 Rxd8 26. Nb3 b6 27.
Re1 Rd7 28. Re2 Bd3 29. Rd2 Be4+ 30. Kf2 Rxd2+ 31. Nxd2 Bb7 32. Ke3 Kf7 33. Kf4
Ke6 34. Nb3 c5 35. Nd2 Kf6 36. a3 a5 37. Nb1 g6 38. Nc3 Bc6 39. b3 h5 40. g5+
Ke6 41. Nd1 a4 42. b4 cxb4 43. axb4 b5 44. cxb5 Bxb5 45. Nc3 Bd7 46. b5 a3 47.
b6 Kd6 48. Nd5 Bc8 49. Nc3 Kc5 0-1

[Event "XXXV Festival Conca della Presolana A"]
[Site "Castione della Presolana ITA"]
[Date "2015.08.30"]
[Round "8"]
[White "Lavorgna, Giovanni"]
[Black "Izzo, Riccardo"]
[WhiteElo "1914"]
[BlackElo "1732"]
[Result "1/2-1/2"]
[PlyCount "72"]
[EventDate "2015.08.23"]

1. d4 d5 2. Bf4 Nf6 3. Nf3 e6 4. e3 Nbd7 5. Bd3 b6 6. O-O Bb7 7. c4 Be7 8. h3
O-O 9. Nc3 c5 10. Rc1 cxd4 11. exd4 Rc8 12. Nb5 dxc4 13. Bxc4 a6 14. Nd6 Bxd6
15. Bxd6 Re8 16. Be2 Nd5 17. Qd2 N7f6 18. Be5 Ne4 19. Qd3 Nb4 20. Qb3 Qe7 21.
a3 Nd5 22. Bd3 Nef6 23. Nd2 b5 24. a4 bxa4 25. Qxa4 Qb4 26. Qxb4 Nxb4 27. Bc4
Ne4 28. Nxe4 Bxe4 29. b3 Bd3 30. Rfd1 Bc2 31. Re1 Bd3 32. Rc3 Bxc4 33. bxc4 Nc6
34. Ra1 Nxe5 35. dxe5 Rc6 36. Kf1 Rec8 1/2-1/2

[Event "XXXV Festival Conca della Presolana A"]
[Site "Castione della Presolana ITA"]
[Date "2015.08.30"]
[Round "8"]
[White "Papa, Angelo"]
[Black "De Marco, Walter"]
[WhiteElo "1744"]
[BlackElo "1875"]
[Result "0-1"]
[PlyCount "58"]
[EventDate "2015.08.23"]

1. d4 b6 2. c4 Bb7 3. Nc3 e6 4. e4 Bb4 5. Bd3 f5 6. Qc2 Qh4 7. Nf3 Qg4 8. O-O
Bxc3 9. Ne5 Qh4 10. Nf3 Qh5 11. bxc3 Nf6 12. d5 fxe4 13. Bxe4 Nxe4 14. Qxe4 O-O
15. Rd1 exd5 16. cxd5 d6 17. c4 Na6 18. Bb2 Rae8 19. Qd4 Qg6 20. Qc3 Nc5 21.
Ba3 Bc8 22. Bxc5 dxc5 23. Re1 Ba6 24. h3 Qf5 25. Re5 Rxe5 26. Qxe5 Bxc4 27.
Qxc7 Bxd5 28. Rd1 Bxf3 29. Rd7 Qg6 0-1

[Event "XXXV Festival Conca della Presolana A"]
[Site "Castione della Presolana ITA"]
[Date "2015.08.30"]
[Round "8"]
[White "Pirrello, Christian"]
[Black "Lavorgna, Filippo"]
[WhiteElo "1917"]
[BlackElo "1840"]
[Result "1-0"]
[PlyCount "97"]
[EventDate "2015.08.23"]

1. d4 Nf6 2. c4 e6 3. Nc3 d5 4. cxd5 exd5 5. Bg5 Be7 6. e3 O-O 7. Bd3 Re8 8.
Qc2 Nbd7 9. Nf3 Nf8 10. O-O c6 11. Bxf6 Bxf6 12. b4 g6 13. b5 Ne6 14. bxc6 bxc6
15. Na4 Bd7 16. Rab1 Qc7 17. Rfc1 Reb8 18. Nc5 Rxb1 19. Rxb1 Nxc5 20. Qxc5 Rb8
21. Rb4 Rxb4 22. Qxb4 Be8 23. h3 Be7 24. Qb3 Qb6 25. Nd2 Qxb3 26. Nxb3 Bd7 27.
Kf1 Kf8 28. Ke2 Ke8 29. Kd2 Kd8 30. Nc5 Bxc5 31. dxc5 Kc7 32. Kc3 Be6 33. Kd4
f6 34. h4 Bf7 35. a3 Kd7 36. g4 Ke7 37. f4 Kd7 38. e4 dxe4 39. Bxe4 Be8 40. f5
Kd8 41. fxg6 hxg6 42. Bf3 Ke7 43. h5 gxh5 44. gxh5 Ke6 45. h6 Bg6 46. Bxc6 Ke7
47. Bd5 Bh7 48. Ke3 Kd7 49. Kf4 1-0

[Event "XXXV Festival Conca della Presolana A"]
[Site "Castione della Presolana ITA"]
[Date "2015.08.30"]
[Round "8"]
[White "Prete, Alessandro"]
[Black "Foglieni, Matteo"]
[WhiteElo "1963"]
[BlackElo "1969"]
[Result "1/2-1/2"]
[PlyCount "44"]
[EventDate "2015.08.23"]

1. d4 f5 2. Bg5 g6 3. Nd2 Bg7 4. e4 fxe4 5. Nxe4 d5 6. Nc5 Qd6 7. Nf3 Nd7 8.
Nd3 Nh6 9. c3 O-O 10. Qe2 e6 11. g3 c5 12. Bf4 Qc6 13. Bg2 b6 14. Nde5 Qa4 15.
Qd1 Qb5 16. Qd2 Nf7 17. a4 Qa6 18. Bf1 Ndxe5 19. Nxe5 Qb7 20. Nxf7 Qxf7 21. Bg2
Ba6 22. Bd6 cxd4 1/2-1/2

[Event "XXXV Festival Conca della Presolana A"]
[Site "Castione della Presolana ITA"]
[Date "2015.08.30"]
[Round "8"]
[White "Raselli, Claudio"]
[Black "Dormio, Luca"]
[WhiteElo "1810"]
[BlackElo "1770"]
[Result "1-0"]
[PlyCount "85"]
[EventDate "2015.08.23"]

1. c4 Nf6 2. Nc3 g6 3. g3 Bg7 4. Bg2 O-O 5. e4 d6 6. Nge2 c5 7. O-O Nc6 8. d4
cxd4 9. Nxd4 Nxd4 10. Qxd4 Nd7 11. Qd2 a5 12. b3 Nc5 13. Bb2 Bd7 14. Nd5 Bxb2
15. Qxb2 b5 16. cxb5 Bxb5 17. Rfd1 Rb8 18. Qd4 e5 19. Qe3 Bc6 20. Rac1 Bxd5 21.
Rxd5 Qe7 22. Qd2 Rb4 23. Rxd6 Nxe4 24. Bxe4 Rxe4 25. Rd7 Qb4 26. Qxb4 Rxb4 27.
Ra7 Rb5 28. Rcc7 Kg7 29. Kg2 Kf6 30. Kf3 h5 31. Rc6+ Kf5 32. Rca6 Rc5 33. Rxa5
Rc3+ 34. Ke2 Rfc8 35. Rxf7+ Ke6 36. Rf3 Rc1 37. Ra6+ Kd5 38. Rd3+ Ke4 39. Rxg6
R8c2+ 40. Rd2 Rxd2+ 41. Kxd2 Rf1 42. Ke2 Ra1 43. Ra6 1-0

[Event "XXXV Festival Conca della Presolana A"]
[Site "Castione della Presolana ITA"]
[Date "2015.08.30"]
[Round "8"]
[White "Rossini, Fulvio"]
[Black "Rorato, Renzo"]
[WhiteElo "1964"]
[BlackElo "1963"]
[Result "1/2-1/2"]
[PlyCount "106"]
[EventDate "2015.08.23"]

1. e4 c5 2. Nc3 Nc6 3. g3 g6 4. Bg2 Bg7 5. Nf3 Nf6 6. O-O d6 7. d3 O-O 8. h3
Bd7 9. Be3 b5 10. e5 Ne8 11. exd6 exd6 12. d4 b4 13. Ne2 c4 14. Nd2 Qc8 15. Kh2
d5 16. c3 Nc7 17. Nf4 bxc3 18. bxc3 Ne7 19. Nf3 Nc6 20. Ne5 Nxe5 21. dxe5 Bc6
22. Bd4 Re8 23. Re1 Qa6 24. Qd2 Rab8 25. Rab1 Rb7 26. Rxb7 Qxb7 27. Qd1 a6 28.
h4 Qb2 29. h5 g5 30. h6 gxf4 31. Qg4 fxg3+ 32. Kxg3 Ne6 33. f4 Qd2 34. Rf1 Qd3+
35. Rf3 Qg6 36. hxg7 f5 37. Qxg6 hxg6 38. Be3 Kxg7 39. Rf2 Rb8 40. Rd2 Rb5 41.
Kf2 a5 42. Bf3 a4 43. Rc2 g5 44. fxg5 Kg6 45. Kg3 Nxg5 46. Rh2 Nxf3 47. Rh6+
Kf7 48. Kxf3 d4+ 49. Rxc6 dxe3 50. Kxe3 Rxe5+ 51. Kf4 Re2 52. Kxf5 Rxa2 53. Ke4
Rd2 1/2-1/2

[Event "XXXV Festival Conca della Presolana A"]
[Site "Castione della Presolana ITA"]
[Date "2015.08.30"]
[Round "8"]
[White "Saracco, Marco"]
[Black "Bossi, Alessandro"]
[WhiteElo "1810"]
[BlackElo "2043"]
[Result "0-1"]
[PlyCount "88"]
[EventDate "2015.08.23"]

1. d4 Nf6 2. Nf3 e6 3. e3 b6 4. Bd3 Bb7 5. Nbd2 d5 6. O-O Ne4 7. Ne5 Bd6 8. b3
Bxe5 9. dxe5 Nxd2 10. Qxd2 c5 11. Bb5+ Bc6 12. Bxc6+ Nxc6 13. Bb2 Qc7 14. f4 h5
15. Rf3 O-O-O 16. Qe2 g6 17. Rd1 Rd7 18. a3 Rhd8 19. Rff1 Qb7 20. a4 a5 21. Rd2
Kb8 22. Rfd1 Ka7 23. Qb5 Nb8 24. Qe2 Qc6 25. Bc3 h4 26. Qf2 Rh8 27. Qf3 Rc7 28.
Qe2 h3 29. g3 Na6 30. Bb2 Qb7 31. Bc3 c4 32. Ba1 c3 33. Rd3 Rhc8 34. Qe1 Nb4
35. Qe2 Nxd3 36. Rxd3 b5 37. Rd4 b4 38. Qf1 Qa6 39. Qd1 Rg8 40. Kf2 f6 41. exf6
Rf7 42. e4 Qb6 43. e5 g5 44. Kg1 gxf4 0-1

[Event "XXXV Festival Conca della Presolana A"]
[Site "Castione della Presolana ITA"]
[Date "2015.08.30"]
[Round "8"]
[White "Villa, Claudio"]
[Black "De Maria, Isaia"]
[WhiteElo "1823"]
[BlackElo "1794"]
[Result "1/2-1/2"]
[PlyCount "53"]
[EventDate "2015.08.23"]

1. d4 d5 2. c4 e6 3. Nf3 Nf6 4. g3 c6 5. Bg2 Nbd7 6. Nbd2 Bd6 7. O-O O-O 8. Qc2
Re8 9. e4 dxe4 10. Nxe4 Nxe4 11. Qxe4 Nf6 12. Qc2 e5 13. dxe5 Bxe5 14. Bg5 h6
15. Rfe1 hxg5 16. Rxe5 Rxe5 17. Nxe5 Qa5 18. Nf3 Bg4 19. Qd2 Qxd2 20. Nxd2 Re8
21. Nf1 Re2 22. b3 Bh5 23. Ne3 Bg6 24. Bf3 Rd2 25. Kf1 Ne4 26. Bxe4 Bxe4 27.
Ke1 1/2-1/2